Proyecto Integral de Investigaciones y desarrollo de la pesca artesanal maritima en el área de Santa Marta (Registro nro. 4020)

Detalles MARC
000 -CABECERA
Campo de control 00590nam a2200169 a 4500
005 - FECHA Y HORA DE LA ULTIMA TRANSACCION
Campo de control 20140313093920.0
008 - ELEMENTOS DE LONGITUD FIJA—INFORMACION GENERAL
Campo de control 140313b1993 ck ||||| |||| 00| 0 spa d
041 ## - IDIOMA
Código de idioma para texto/pista de sonido o título separado Español
044 ## - PAÍS DE PUBLICACIÓN
País de publicación Colombia
090 ## - CLASIFICACIÓN LOCAL
Colección LB
Consecutivo 03720
110 ## - ASIENTO PRINCIPAL--NOMBRE CORPORATIVO
Unidad subordinad Instituto Nacional de Pesca y Acuicultura
245 ## - MENCION DE TITULO
Título Proyecto Integral de Investigaciones y desarrollo de la pesca artesanal maritima en el área de Santa Marta
Parte restante del título informe técnico final
260 ## - PUBLICACION, DISTRIBUCION, ETC. (PIE DE IMPRENTA)
Lugar de publicación, distribución, etc. Magdalena
Nombre del editor, distribuidor, etc. INPA
-- CIID
Fecha de publicación, distribución, etc. 1993
300 ## - DESCRIPCION FISICA
Extensión 324 p.
710 ## - ASIENTO SECUNDARIO - NOMBRE CORPORATIVO
Nombre corporativo o de jurisdicción como elemento de entrada ^aCentro Internacional de Investigaciones para el Desarrollo
942 ## - ELEMENTOS ADICIONALES (KOHA)
Tipo de ítem Impreso
Sistema de clasificación Local
Existencias
Withdrawn status Lost status Sistema de Clasificación Damaged status No para préstamo Colección Inventariado Ubicación Permanente Ubicación actual Fecha de adquisición Total Checkouts Número topográfico Inventario / Código de Barras Date last seen Ejemplar Price effective from Forma de adquisición Tipo de material
    Local     General Inventariado 2017 Bogotá Bogotá 09/02/2006   LB-03720 016382 04/12/2012 Ej. 1 04/12/2012 Donación Informe Técnico